[Event "4NCL Division 3 South"]
[Site "Milton Keynes, ENG"]
[Date "2021.11.21"]
[Round "2.53"]
[White "O'Byrne, Daniel"]
[Black "Walkusz, Miroslaw"]
[Result "0-1"]
[WhiteElo "1678"]
[BlackElo "1939"]
[PlyCount "78"]
[EventDate "2021.11.21"]
[WhiteTeam "War and Piece A"]
[BlackTeam "Cambridge University 2"]

1. e4 c5 2. Nf3 d6 3. d4 cxd4 4. Nxd4 Nf6 5. Nc3 a6 6. f3 e5 7. Nb3 Be6 8. Be3
Nbd7 9. Qd2 Be7 10. Be2 O-O 11. g4 b5 12. O-O-O Nb6 13. Bg5 b4 14. Nb1 Nxe4 15.
Bxe7 Nxd2 16. Bxd8 Nxb3+ 17. axb3 Rfxd8 18. Rd2 d5 19. Rhd1 a5 20. Bb5 Rdc8 21.
Re1 f6 22. Kd1 Rc5 23. Ba4 Rac8 24. h3 g5 25. h4 h6 26. hxg5 hxg5 27. Rh2 Kg7
28. Reh1 Bg8 29. c3 Rd8 30. Rd2 Bh7 31. Kc1 Nxa4 32. bxa4 Bxb1 33. Kxb1 bxc3
34. Rdh2 Kf7 35. Rh7+ Ke6 36. Rb7 c2+ 37. Kc1 d4 38. Rhh7 d3 39. Rhe7+ Kd6 0-1

[Event "4NCL Division 3 South"]
[Site "Milton Keynes, ENG"]
[Date "2021.11.21"]
[Round "2.54"]
[White "Webster, Peter A N"]
[Black "Ross, David C"]
[Result "1-0"]
[WhiteElo "1896"]
[BlackElo "1670"]
[PlyCount "63"]
[EventDate "2021.11.21"]
[WhiteTeam "Cambridge University 2"]
[BlackTeam "War and Piece A"]

1. e4 e5 2. Nf3 Nc6 3. Bb5 a6 4. Bxc6 dxc6 5. O-O Bg4 6. h3 Bxf3 7. Qxf3 Qf6 8.
Qxf6 Nxf6 9. d3 Bc5 10. Nd2 O-O-O 11. Nc4 Nd7 12. Bd2 f6 13. Kh2 g5 14. g3 h5
15. f4 exf4 16. gxf4 g4 17. b4 Be7 18. d4 Nf8 19. c3 Bxb4 20. cxb4 Rxd4 21.
Rac1 b5 22. Bc3 Rxc4 23. Bxf6 Rxc1 24. Rxc1 Rg8 25. Rxc6 Kb7 26. Rc3 Ne6 27.
Be5 c6 28. Rd3 Rf8 29. hxg4 hxg4 30. Kg3 c5 31. Rd7+ Kc6 32. Rd6+ 1-0

[Event "4NCL Division 3 South"]
[Site "Milton Keynes, ENG"]
[Date "2021.11.21"]
[Round "2.55"]
[White "Nelder, Allan"]
[Black "Manmay Chopra"]
[Result "0-1"]
[WhiteElo "1640"]
[BlackElo "1899"]
[PlyCount "48"]
[EventDate "2021.11.21"]
[WhiteTeam "War and Piece A"]
[BlackTeam "Cambridge University 2"]

1. e4 c5 2. Nc3 Nc6 3. f4 d6 4. Bc4 a6 5. a4 g6 6. Nf3 Bg7 7. d3 e6 8. Bd2 Nge7
9. a5 Nxa5 10. Ba2 Nac6 11. O-O O-O 12. Qe1 b5 13. g4 b4 14. Nd1 Nd4 15. Rc1
Bd7 16. b3 Nec6 17. c3 Nxf3+ 18. Rxf3 a5 19. Nb2 bxc3 20. Bxc3 Nd4 21. Rh3 e5
22. f5 Qg5 23. Rg3 Qxc1 24. Qxc1 Ne2+ 0-1

[Event "4NCL Division 3 South"]
[Site "Milton Keynes, ENG"]
[Date "2021.11.21"]
[Round "2.56"]
[White "OShea, Colm"]
[Black "Townend, A Ron"]
[Result "1-0"]
[WhiteElo "1859"]
[BlackElo "1690"]
[PlyCount "74"]
[EventDate "2021.11.21"]
[WhiteTeam "Cambridge University 2"]
[BlackTeam "War and Piece A"]

1. e4 c6 2. c4 e5 3. Nf3 d6 4. Nc3 Bg4 5. Be2 Nf6 6. d4 Nbd7 7. O-O Be7 8. a4
O-O 9. Be3 b6 10. Qc2 Rc8 11. Rfd1 Bh5 12. dxe5 Bxf3 13. exf6 Bxe2 14. fxe7
Qxe7 15. Qxe2 Ne5 16. Bf4 f6 17. Bxe5 fxe5 18. Rd2 Rf6 19. b3 Rcf8 20. f3 Rh6
21. Qf2 Qg5 22. Nd1 Rxf3 23. Qxf3 Qxd2 24. Qe3 Qc2 25. Rc1 Qa2 26. Nf2 Rf6 27.
Rf1 Qc2 28. h3 Rf4 29. g3 Rf6 30. Ng4 Rxf1+ 31. Kxf1 Qd1+ 32. Kg2 Qd4 33. Qxd4
exd4 34. e5 dxe5 35. Nxe5 c5 36. Kf3 Kf8 37. Ke4 a6 1-0

[Event "4NCL Division 3 South"]
[Site "Milton Keynes, ENG"]
[Date "2021.11.21"]
[Round "2.61"]
[White "Chan, Kim Yew"]
[Black "Lewis, Stephen"]
[Result "1-0"]
[WhiteElo "2317"]
[BlackElo "1931"]
[PlyCount "53"]
[EventDate "2021.11.21"]
[WhiteTeam "SchachAttack"]
[BlackTeam "Iceni 2"]

1. Nf3 Nf6 2. g3 d5 3. Bg2 c5 4. O-O Nc6 5. d4 c4 6. b3 cxb3 7. axb3 Bf5 8. Ba3
h5 9. c4 e6 10. Bxf8 Kxf8 11. e3 Ne4 12. Nfd2 h4 13. Nxe4 h3 14. Bh1 Bxe4 15.
Bxe4 dxe4 16. Nc3 f5 17. f3 exf3 18. Qxf3 Qg5 19. Ne4 Qe7 20. c5 Kg8 21. Nd6 g5
22. b4 g4 23. Qf4 a6 24. d5 Nd8 25. e4 Rh5 26. exf5 exf5 27. Rae1 1-0

[Event "4NCL Division 3 South"]
[Site "Milton Keynes, ENG"]
[Date "2021.11.21"]
[Round "2.62"]
[White "Rosenbach, Martin"]
[Black "Wilks, Simon"]
[Result "0-1"]
[WhiteElo "1938"]
[BlackElo "2079"]
[PlyCount "64"]
[EventDate "2021.11.21"]
[WhiteTeam "Iceni 2"]
[BlackTeam "SchachAttack"]

1. c4 Nf6 2. g3 e6 3. Bg2 d5 4. Nf3 Be7 5. O-O O-O 6. cxd5 exd5 7. d4 c6 8. b3
Bf5 9. Ba3 Re8 10. e3 Nbd7 11. Bxe7 Qxe7 12. Nc3 h6 13. Rc1 Ne4 14. Nd2 Nxc3
15. Rxc3 Qa3 16. e4 dxe4 17. Qc2 Nf6 18. Nc4 Qe7 19. Ne3 Bg6 20. Rc5 Rad8 21.
Re5 Qb4 22. Rxe8+ Rxe8 23. Qc5 Qb6 24. Qxb6 axb6 25. Nc4 b5 26. Ne5 Bf5 27. b4
Nd5 28. f3 e3 29. g4 Bh7 30. a3 Nf4 31. Re1 e2 32. Kf2 f6 0-1

[Event "4NCL Division 3 South"]
[Site "Milton Keynes, ENG"]
[Date "2021.11.21"]
[Round "2.63"]
[White "Alizada, Eldar"]
[Black "Gibbs, Dominic V"]
[Result "1-0"]
[WhiteElo "2035"]
[BlackElo "1961"]
[PlyCount "91"]
[EventDate "2021.11.21"]
[WhiteTeam "SchachAttack"]
[BlackTeam "Iceni 2"]

1. d4 Nf6 2. c4 e6 3. Nf3 d5 4. Nc3 c5 5. cxd5 Nxd5 6. e4 Nxc3 7. bxc3 cxd4 8.
cxd4 Bb4+ 9. Bd2 Bxd2+ 10. Qxd2 O-O 11. Bc4 Nd7 12. O-O b6 13. d5 exd5 14. Qxd5
Rb8 15. Rfd1 Qe7 16. e5 Nc5 17. Qd6 Rb7 18. Nd4 Qg5 19. Nf3 Qg4 20. Bb5 Bd7 21.
Rd4 Qe6 22. Bc4 Qxd6 23. exd6 Be6 24. Rad1 Bxc4 25. Rxc4 Rd8 26. Ne5 f6 27. Nc6
Rdd7 28. f4 Ne6 29. Re4 Kf7 30. f5 Nd8 31. Re7+ Rxe7 32. Nxd8+ Ke8 33. dxe7
Rxe7 34. Ne6 Rf7 35. Rc1 Rd7 36. Rc8+ Ke7 37. Rc7 Rxc7 38. Nxc7 g6 39. Nd5+ Kf7
40. g4 h5 41. fxg6+ Kxg6 42. gxh5+ Kxh5 43. Nxf6+ Kh4 44. Kg2 b5 45. Nd5 a5 46.
Kf3 1-0

[Event "4NCL Division 3 South"]
[Site "Milton Keynes, ENG"]
[Date "2021.11.21"]
[Round "2.64"]
[White "Kenning, Paul H"]
[Black "Simmons, Matthew"]
[Result "0-1"]
[WhiteElo "1865"]
[BlackElo "2075"]
[PlyCount "66"]
[EventDate "2021.11.21"]
[WhiteTeam "Iceni 2"]
[BlackTeam "SchachAttack"]

1. d4 Nf6 2. Bf4 e6 3. e3 Bd6 4. Bg5 c5 5. c3 cxd4 6. exd4 h6 7. Bh4 b6 8. Nd2
Bb7 9. Ngf3 Nc6 10. Bd3 Be7 11. Qe2 Nd5 12. Bg3 O-O 13. O-O f5 14. h3 Qe8 15.
Ne5 Nxe5 16. Bxe5 Qg6 17. Nf3 Nf6 18. Nh4 Qf7 19. Nf3 Ne4 20. Bh2 Bf6 21. Ne5
Bxe5 22. Bxe5 Ng5 23. Ba6 Nxh3+ 24. gxh3 Qg6+ 25. Bg3 Bxa6 26. Qxa6 f4 27. Qb7
fxg3 28. fxg3 d5 29. Qc7 Qh5 30. Qe5 Qxh3 31. Rae1 Kh8 32. b3 Rac8 33. Qe3
Rxf1+ 0-1

[Event "4NCL Division 3 South"]
[Site "Milton Keynes, ENG"]
[Date "2021.11.21"]
[Round "2.65"]
[White "Burrows, Nick"]
[Black "Feavyour, John A"]
[Result "1/2-1/2"]
[WhiteElo "2031"]
[BlackElo "1849"]
[PlyCount "69"]
[EventDate "2021.11.21"]
[WhiteTeam "SchachAttack"]
[BlackTeam "Iceni 2"]

1. d4 Nf6 2. Nc3 g6 3. Bf4 d6 4. Qd2 Bg7 5. O-O-O O-O 6. Bh6 Nbd7 7. e4 e5 8.
Bxg7 Kxg7 9. h4 h5 10. Nh3 exd4 11. Qxd4 Ne5 12. Ng5 Nc6 13. Qd2 Ng4 14. f3
Nge5 15. Be2 f6 16. Nh3 Be6 17. Nf4 Bf7 18. g4 hxg4 19. fxg4 Rh8 20. Nfd5 Ne7
21. g5 Nxd5 22. Nxd5 Bxd5 23. exd5 fxg5 24. hxg5 Rxh1 25. Rxh1 Qd7 26. Qf4 Kg8
27. Qf6 Qg7 28. Qe6+ Qf7 29. Qh3 Qg7 30. Bg4 Nxg4 31. Qxg4 Re8 32. Qh3 Rf8 33.
Qe6+ Qf7 34. Qh3 Qg7 35. Qe6+ 1/2-1/2

[Event "4NCL Division 3 South"]
[Site "Milton Keynes, ENG"]
[Date "2021.11.21"]
[Round "2.66"]
[White "Ruthen, Stephen W"]
[Black "Moyse, Nigel John"]
[Result "1/2-1/2"]
[WhiteElo "1816"]
[BlackElo "2018"]
[PlyCount "48"]
[EventDate "2021.11.21"]
[WhiteTeam "Iceni 2"]
[BlackTeam "SchachAttack"]

1. c4 e5 2. g3 Nf6 3. Bg2 d5 4. cxd5 Nxd5 5. Nc3 Nb6 6. Nf3 Nc6 7. O-O Be7 8.
d3 O-O 9. a3 Be6 10. b4 Nd4 11. Rb1 Nxf3+ 12. Bxf3 Nd5 13. Qc2 Rc8 14. Ne4 c5
15. Nxc5 Bh3 16. Re1 Bxc5 17. bxc5 b6 18. c6 Qd6 19. a4 Rfd8 20. Qb3 Rxc6 21.
Ba3 Qd7 22. Rec1 Rxc1+ 23. Rxc1 Be6 24. Qb5 f6 1/2-1/2

[Event "4NCL Division 3 South"]
[Site "Milton Keynes, ENG"]
[Date "2021.11.21"]
[Round "2.71"]
[White "Amato, Giampiero"]
[Black "Higgs, Anthony R J"]
[Result "1-0"]
[WhiteElo "1994"]
[BlackElo "1972"]
[PlyCount "79"]
[EventDate "2021.11.21"]
[WhiteTeam "CSC 2"]
[BlackTeam "Sussex Martlets 2"]

1. e4 d6 2. d4 Nf6 3. Nc3 e5 4. Nf3 Nbd7 5. Bc4 h6 6. O-O Be7 7. Re1 c6 8. a4
Qc7 9. Ba2 Nf8 10. Nh4 g6 11. h3 N6h7 12. Nf3 g5 13. dxe5 dxe5 14. Be3 Ng6 15.
Qd2 Rg8 16. Nh2 Bb4 17. Nd5 cxd5 18. Qxb4 d4 19. Bd2 Nf4 20. Bc4 Nf6 21. c3 d3
22. Qb5+ Bd7 23. Qb3 Rg7 24. Rad1 Ne2+ 25. Kf1 Nxe4 26. Bxd3 Nxd2+ 27. Rxd2 Nf4
28. Bb5 Bc6 29. Bxc6+ bxc6 30. Ng4 Kf8 31. Nxe5 Rd8 32. Rxd8+ Qxd8 33. Qd1 Qxd1
34. Rxd1 Nd5 35. Nxc6 Rg6 36. Rxd5 Rxc6 37. Rd7 Rb6 38. b4 a6 39. Ke2 Ke8 40.
Rc7 1-0

[Event "4NCL Division 3 South"]
[Site "Milton Keynes, ENG"]
[Date "2021.11.21"]
[Round "2.72"]
[White "Howell, Chris I"]
[Black "Stayt, James N"]
[Result "0-1"]
[WhiteElo "1947"]
[BlackElo "1914"]
[PlyCount "94"]
[EventDate "2021.11.21"]
[WhiteTeam "Sussex Martlets 2"]
[BlackTeam "CSC 2"]

1. e4 e6 2. d4 d5 3. Nd2 Nf6 4. e5 Nfd7 5. Bd3 c5 6. c3 Nc6 7. Ne2 cxd4 8. cxd4
f6 9. Nf4 Nxd4 10. Qh5+ Ke7 11. exf6+ Nxf6 12. Ng6+ hxg6 13. Qxh8 Kf7 14. Qh4
e5 15. Nf3 Nxf3+ 16. gxf3 Bf5 17. Bxf5 gxf5 18. O-O Qd7 19. Bg5 Be7 20. Rac1
Rd8 21. Rc2 d4 22. Rfc1 Bd6 23. Bxf6 gxf6 24. Qh7+ Ke6 25. Qxd7+ Rxd7 26. Rf1
Rh7 27. Kg2 e4 28. Rh1 d3 29. Rd2 Bf4 30. Rdd1 Kd5 31. h4 Rh5 32. Kh3 Rh7 33.
fxe4+ fxe4 34. Kg4 Ke5 35. h5 f5+ 36. Kh4 Kd4 37. Rhg1 d2 38. Rg8 Kd3 39. Rd8+
Ke2 40. Rb1 Kxf2 41. Rd5 Rf7 42. h6 Bxh6 43. Kh5 Rf6 44. Rh1 e3 45. Rh2+ Kg3
46. Re2 Kf3 47. Rh2 Bf4 0-1

[Event "4NCL Division 3 South"]
[Site "Milton Keynes, ENG"]
[Date "2021.11.21"]
[Round "2.73"]
[White "Evans, Harry G"]
[Black "Rogacewicz, Mikolaj"]
[Result "0-1"]
[WhiteElo "1878"]
[BlackElo "1970"]
[PlyCount "60"]
[EventDate "2021.11.21"]
[WhiteTeam "CSC 2"]
[BlackTeam "Sussex Martlets 2"]

1. d4 e6 2. Nf3 Nf6 3. e3 b6 4. Bd3 Be7 5. Nbd2 O-O 6. O-O c5 7. b3 Nc6 8. a3
Rb8 9. c4 d5 10. Bb2 a6 11. Qe2 dxc4 12. Nxc4 cxd4 13. Rfd1 b5 14. Nce5 Nxe5
15. Nxe5 Qd5 16. Bxd4 Bb7 17. f3 Qxb3 18. e4 Rbc8 19. Ra2 Bc5 20. Bxc5 Rxc5 21.
f4 Bxe4 22. Bxe4 Nxe4 23. Rb2 Qxa3 24. Nd7 Nc3 25. Qe3 Qxb2 26. Qxc5 Re8 27.
Rf1 Ne2+ 28. Kh1 Qd4 29. Qc6 Rd8 30. Ne5 Nxf4 0-1

[Event "4NCL Division 3 South"]
[Site "Milton Keynes, ENG"]
[Date "2021.11.21"]
[Round "2.74"]
[White "Kolani, Arjun"]
[Black "Vachtfeidl, Petr"]
[Result "1-0"]
[WhiteElo "2018"]
[BlackElo "1869"]
[PlyCount "59"]
[EventDate "2021.11.21"]
[WhiteTeam "Sussex Martlets 2"]
[BlackTeam "CSC 2"]

1. e4 e5 2. Nf3 Nc6 3. Bc4 Nf6 4. d3 Be7 5. O-O O-O 6. Re1 d6 7. a4 Bg4 8. c3
Re8 9. a5 a6 10. Nbd2 Bf8 11. b4 d5 12. exd5 Nxd5 13. Qb3 Be6 14. Nxe5 Nxe5 15.
Rxe5 Bd6 16. Re1 Qh4 17. Nf3 Qh5 18. Be3 c6 19. Bc5 Bc7 20. Qd1 Nxc3 21. Qc2
Nd5 22. d4 Bg4 23. Ne5 Rxe5 24. dxe5 Bxe5 25. h3 Bxh3 26. gxh3 Qg5+ 27. Kf1 Bh2
28. f3 Nxb4 29. Qxh2 Qxc5 30. Qf4 1-0

[Event "4NCL Division 3 South"]
[Site "Milton Keynes, ENG"]
[Date "2021.11.21"]
[Round "2.75"]
[White "Eckert, Jonathan"]
[Black "Howell, Oliver W"]
[Result "0-1"]
[WhiteElo "1753"]
[BlackElo "2030"]
[PlyCount "46"]
[EventDate "2021.11.21"]
[WhiteTeam "CSC 2"]
[BlackTeam "Sussex Martlets 2"]

1. e4 e6 2. d3 d5 3. Nd2 Nf6 4. Ngf3 c5 5. g3 Nc6 6. Bg2 Qc7 7. O-O g6 8. Re1
Bg7 9. Nf1 O-O 10. Bf4 e5 11. Bg5 dxe4 12. dxe4 Rd8 13. Qc1 Be6 14. Nh4 Re8 15.
Bh6 Nb4 16. Bxg7 Kxg7 17. Nf5+ Bxf5 18. exf5 Rad8 19. fxg6 hxg6 20. a3 Nc6 21.
Qg5 Nd4 22. Rac1 e4 23. Ne3 Re5 0-1

[Event "4NCL Division 3 South"]
[Site "Milton Keynes, ENG"]
[Date "2021.11.21"]
[Round "2.76"]
[White "Salmons, Calum"]
[Black "Denning, Julie L"]
[Result "1-0"]
[WhiteElo "1942"]
[BlackElo "1620"]
[PlyCount "65"]
[EventDate "2021.11.21"]
[WhiteTeam "Sussex Martlets 2"]
[BlackTeam "CSC 2"]

1. e4 c5 2. Nc3 a6 3. f4 g6 4. Nf3 d6 5. d3 Bg7 6. g3 e6 7. Bg2 Qb6 8. Ne2 Nc6
9. c3 Bd7 10. Rb1 Rc8 11. Be3 Nge7 12. b4 Qa7 13. bxc5 dxc5 14. Nd2 b6 15. Nc4
Qc7 16. Rxb6 O-O 17. Bxc5 Ra8 18. d4 Rfe8 19. O-O Nc8 20. Rb2 N6e7 21. Qb1 Bb5
22. Ne5 f6 23. Nf3 Rb8 24. c4 Bxc4 25. Rxb8 Bxe2 26. Re1 Bb5 27. Rxb5 axb5 28.
Qxb5 Rd8 29. Qa6 Kf7 30. Bh3 Nc6 31. Rb1 Nd6 32. e5 Nxd4 33. Bxd4 1-0

[Event "4NCL Division 3 South"]
[Site "Milton Keynes, ENG"]
[Date "2021.11.21"]
[Round "2.81"]
[White "Whiteside, Robert"]
[Black "Webb, Richard M"]
[Result "1/2-1/2"]
[WhiteElo "1792"]
[BlackElo "2214"]
[PlyCount "71"]
[EventDate "2021.11.21"]
[WhiteTeam "MK Phoenix 2"]
[BlackTeam "Crowthorne A"]

1. e4 c5 2. d4 cxd4 3. c3 dxc3 4. Nxc3 Nc6 5. Bc4 e6 6. Nf3 d6 7. O-O Be7 8.
Qe2 Nf6 9. Rd1 e5 10. Bg5 Bg4 11. Qe3 O-O 12. h3 Bxf3 13. Qxf3 Nd4 14. Qd3 Rc8
15. Be3 Qc7 16. Nd5 Nxd5 17. Bxd5 Bf6 18. g4 h6 19. Kg2 Qb6 20. b3 Rc7 21. h4
g6 22. Bxh6 Rfc8 23. Bd2 Qb5 24. Qxb5 Nxb5 25. g5 Be7 26. h5 Kg7 27. h6+ Kg8
28. Rh1 Nd4 29. h7+ Kg7 30. Bxf7 Rh8 31. Bd5 Rxh7 32. Rxh7+ Kxh7 33. Rc1 Rxc1
34. Bxc1 b6 35. Be3 Ne2 36. Bd2 1/2-1/2

[Event "4NCL Division 3 South"]
[Site "Milton Keynes, ENG"]
[Date "2021.11.21"]
[Round "2.83"]
[White "Miller, Max C"]
[Black "Purdon, Colin"]
[Result "1/2-1/2"]
[WhiteElo "1538"]
[BlackElo "1992"]
[PlyCount "94"]
[EventDate "2021.11.21"]
[WhiteTeam "MK Phoenix 2"]
[BlackTeam "Crowthorne A"]

1. d4 Nf6 2. Nf3 g6 3. Nc3 c5 4. e4 cxd4 5. Nxd4 d6 6. Bg5 Bg7 7. Qd2 Nc6 8.
Be3 Ng4 9. O-O-O Nxe3 10. Qxe3 Nxd4 11. Rxd4 Bxd4 12. Qxd4 O-O 13. h4 e5 14.
Qd1 Be6 15. h5 Qf6 16. Nd5 Bxd5 17. exd5 Rac8 18. hxg6 hxg6 19. f3 Kg7 20. Bd3
Rh8 21. Rg1 Qf4+ 22. Kb1 Rh2 23. Qe1 Rch8 24. c4 Qd4 25. Kc2 b5 26. b3 a5 27.
cxb5 Rc8+ 28. Bc4 Rxc4+ 29. bxc4 Qxc4+ 30. Qc3 Qxa2+ 31. Kc1 Qxd5 32. b6 Rh8
33. Rd1 Qb7 34. Qxa5 Rc8+ 35. Kd2 Rc5 36. Qb4 Rc6 37. Rb1 d5 38. Qa5 Rc4 39.
Rc1 Rxc1 40. Kxc1 Qc6+ 41. Kd2 Qc4 42. b7 Qb3 43. Qc7 Qb2+ 44. Kd1 Qb1+ 45. Ke2
Qb2+ 46. Kf1 Qa1+ 47. Kf2 Qd4+ 1/2-1/2

[Event "4NCL Division 3 South"]
[Site "Milton Keynes, ENG"]
[Date "2021.11.21"]
[Round "2.84"]
[White "Tart, Peter K"]
[Black "Evans, Thomas"]
[Result "1-0"]
[WhiteElo "1873"]
[BlackElo "1608"]
[PlyCount "107"]
[EventDate "2021.11.21"]
[WhiteTeam "Crowthorne A"]
[BlackTeam "MK Phoenix 2"]

1. e4 e5 2. Nf3 Nc6 3. d4 exd4 4. Bc4 Bc5 5. c3 d3 6. Qxd3 h6 7. Bxf7+ Kxf7 8.
Qd5+ Kf8 9. Qxc5+ d6 10. Qc4 Bg4 11. Nbd2 Nf6 12. Nd4 Ne5 13. Ne6+ Ke7 14. Nxd8
Nxc4 15. Nxc4 Raxd8 16. f3 Bd7 17. Be3 d5 18. Bc5+ Ke6 19. Nd2 dxe4 20. fxe4 b6
21. Bd4 Rhf8 22. b4 Bc6 23. O-O Nxe4 24. Rxf8 Rxf8 25. Re1 Rf4 26. Bxg7 Kf5 27.
Nxe4 Rxe4 28. Rxe4 Bxe4 29. Bxh6 b5 30. Kf2 Bd5 31. a3 c6 32. h3 Kg6 33. Be3 a6
34. g4 Be4 35. Kg3 Bd3 36. h4 Bc2 37. h5+ Kh7 38. Kh4 Bd3 39. Bd4 Be4 40. g5
Bf5 41. g6+ Bxg6 42. hxg6+ Kxg6 43. Kg4 Kf7 44. Kf5 Ke7 45. Bc5+ Kd7 46. Ke5
Kc7 47. Ke6 Kc8 48. Kd6 Kb7 49. Kd7 a5 50. Be7 a4 51. Bd8 Ka7 52. Kxc6 Ka6 53.
Ba5 Ka7 54. Kxb5 1-0

[Event "4NCL Division 3 South"]
[Site "Milton Keynes, ENG"]
[Date "2021.11.21"]
[Round "2.85"]
[White "Cox, David"]
[Black "Duckers, Harvey L"]
[Result "0-1"]
[WhiteElo "1307"]
[BlackElo "1837"]
[PlyCount "130"]
[EventDate "2021.11.21"]
[WhiteTeam "MK Phoenix 2"]
[BlackTeam "Crowthorne A"]

1. e4 c5 2. d4 cxd4 3. c3 d3 4. Bxd3 d6 5. c4 Nf6 6. h3 e6 7. Nf3 Nbd7 8. Nc3
a6 9. Qe2 Qc7 10. Be3 Be7 11. O-O O-O 12. Rac1 b6 13. Bb1 Bb7 14. Rfd1 Rac8 15.
Bf4 Ne5 16. b3 Rfd8 17. Nd4 Ng6 18. Bh2 Bf8 19. g4 Qc5 20. Bg3 Re8 21. h4 e5
22. Nf5 Red8 23. g5 Ne8 24. Kh2 Nc7 25. Qf3 Ne6 26. Nd5 Bxd5 27. Rxd5 Qc6 28.
Rh1 b5 29. cxb5 axb5 30. Rdd1 Ngf4 31. Kg1 Qc3 32. Qg4 g6 33. Ne3 Bg7 34. Nd5
Nxd5 35. Rxd5 Nd4 36. Kg2 Rc7 37. h5 Qb2 38. Bd3 Qxa2 39. Bxb5 Qxb3 40. Bf1 Re7
41. hxg6 fxg6 42. Qh3 Bh8 43. Qg4 Qc2 44. Ra5 Rf8 45. Rd5 Qc7 46. Rh3 Ne6 47.
Rb5 Qc2 48. Rh2 Nf4+ 49. Kg1 Qxe4 50. Rb3 Qc2 51. Re3 d5 52. f3 Qc5 53. Bf2 Qc6
54. Bg3 Ref7 55. Qh4 Qc1 56. Re1 Qc3 57. Bxf4 exf4 58. Rh3 Bd4+ 59. Kh1 Be3 60.
Rh2 Ra8 61. Bh3 Qe5 62. Bg4 d4 63. Kg2 d3 64. Rhh1 Ra2+ 65. Kh3 Qb2 0-1

[Event "4NCL Division 3 South"]
[Site "Milton Keynes, ENG"]
[Date "2021.11.21"]
[Round "2.86"]
[White "Leadbetter, Scott"]
[Black "Cox, Lucian"]
[Result "1/2-1/2"]
[WhiteElo "1593"]
[BlackElo "1047"]
[PlyCount "124"]
[EventDate "2021.11.21"]
[WhiteTeam "Crowthorne A"]
[BlackTeam "MK Phoenix 2"]

1. f4 Nf6 2. Nf3 g6 3. b3 Bg7 4. Bb2 O-O 5. Nc3 d6 6. d4 Bf5 7. h3 Ne4 8. Nxe4
Bxe4 9. e3 Nc6 10. Bd3 Bxd3 11. Qxd3 Re8 12. a3 e5 13. dxe5 dxe5 14. Qxd8 Raxd8
15. O-O e4 16. Bxg7 exf3 17. Be5 fxg2 18. Rfd1 Rxd1+ 19. Rxd1 Nxe5 20. fxe5
Rxe5 21. Re1 Rc5 22. Re2 Rc3 23. Kxg2 Kg7 24. Kf3 f5 25. h4 Kf6 26. Kf4 h6 27.
Rg2 a5 28. a4 c6 29. Rd2 g5+ 30. hxg5+ hxg5+ 31. Kf3 Ke5 32. Ke2 Ke4 33. Rd4+
Ke5 34. Kd2 Rc5 35. c4 f4 36. Rd7 fxe3+ 37. Kxe3 b5 38. Rg7 Kf6 39. Kd4 Rf5 40.
Rc7 Rf4+ 41. Ke3 bxa4 42. Rxc6+ Kg7 43. Rc5 Rg4 44. bxa4 Kh6 45. Kd3 Rg3+ 46.
Kd4 Rf3 47. Rxa5 Rf8 48. c5 g4 49. Rb5 g3 50. Rb1 Rf4+ 51. Ke3 Rxa4 52. Rc1 Ra8
53. Kf3 Kg6 54. Kxg3 Kf6 55. Kf4 Ke6 56. Ke4 Ra4+ 57. Kd3 Kd7 58. Kc3 Kc6 59.
Kb3 Ra5 60. Kb4 Rb5+ 61. Ka4 Rxc5 62. Rxc5+ Kxc5 1/2-1/2

[Event "4NCL Division 3 South"]
[Site "Milton Keynes, ENG"]
[Date "2021.11.21"]
[Round "2.91"]
[White "Seymour, Timothy P"]
[Black "Haslehurst, Harriet"]
[Result "1-0"]
[WhiteElo "2127"]
[BlackElo "1511"]
[PlyCount "65"]
[EventDate "2021.11.21"]
[WhiteTeam "Surbiton"]
[BlackTeam "Crowthorne B"]

1. d4 d5 2. c4 e6 3. Nf3 Nf6 4. Nc3 c5 5. cxd5 Nxd5 6. e4 Nf6 7. d5 Be7 8. Bc4
exd5 9. exd5 O-O 10. O-O Bg4 11. Re1 a6 12. a4 Qd6 13. h3 Bh5 14. Bg5 Nbd7 15.
g4 Bg6 16. Qd2 Rae8 17. Bf4 Qb6 18. a5 Qa7 19. Nh4 Ne4 20. Nxe4 Bxe4 21. Rxe4
Bxh4 22. Re3 Bf6 23. Rae1 Qa8 24. g5 Bd4 25. Re7 Rxe7 26. Rxe7 Qd8 27. d6 g6
28. Qe2 Qc8 29. Qg4 Rd8 30. Bxf7+ Kf8 31. Be6 Qc6 32. Qh4 Qe4 33. Qh6+ 1-0

[Event "4NCL Division 3 South"]
[Site "Milton Keynes, ENG"]
[Date "2021.11.21"]
[Round "2.92"]
[White "McKean, Matthew"]
[Black "Way, Julian M"]
[Result "0-1"]
[WhiteElo "1400"]
[BlackElo "1984"]
[PlyCount "58"]
[EventDate "2021.11.21"]
[WhiteTeam "Crowthorne B"]
[BlackTeam "Surbiton"]

1. c4 Nf6 2. Nc3 e5 3. Nf3 Nc6 4. e4 Bb4 5. d3 d6 6. a3 Bxc3+ 7. bxc3 h6 8. Be2
Qe7 9. O-O O-O 10. Re1 Nd8 11. Qc2 c6 12. Rb1 Bg4 13. h3 Bh5 14. Be3 g5 15. h4
Nh7 16. hxg5 Bxf3 17. Bxf3 Nxg5 18. Be2 Nde6 19. d4 Kh8 20. c5 dxc5 21. dxe5
Rg8 22. Kf1 Nh7 23. Bxh6 Qh4 24. f4 Qxh6 25. f5 Qh1+ 26. Kf2 Qxg2+ 27. Ke3 Rad8
28. Rg1 Rg3+ 29. Bf3 Rxf3# 0-1

[Event "4NCL Division 3 South"]
[Site "Milton Keynes, ENG"]
[Date "2021.11.21"]
[Round "2.93"]
[White "Singleton, Michael P F"]
[Black "Coates, Christine"]
[Result "1-0"]
[WhiteElo "2053"]
[BlackElo "1338"]
[PlyCount "45"]
[EventDate "2021.11.21"]
[WhiteTeam "Surbiton"]
[BlackTeam "Crowthorne B"]

1. d4 d5 2. c4 Nf6 3. cxd5 Qxd5 4. Nc3 Qd6 5. Nf3 Bf5 6. g3 c6 7. Bg2 e6 8. O-O
Be7 9. Re1 Qc7 10. e4 Bg6 11. Bf4 Qb6 12. Qd2 Nbd7 13. d5 cxd5 14. exd5 Nxd5
15. Nxd5 exd5 16. Qxd5 Qc6 17. Qxc6 bxc6 18. Bd6 O-O-O 19. Rxe7 Rhe8 20. Rae1
Rxe7 21. Rxe7 a5 22. Nd4 Nf6 23. Rc7+ 1-0

[Event "4NCL Division 3 South"]
[Site "Milton Keynes, ENG"]
[Date "2021.11.21"]
[Round "2.94"]
[White "Talbot, James"]
[Black "Faulks, Nick"]
[Result "1-0"]
[WhiteElo "1200"]
[BlackElo "1836"]
[PlyCount "69"]
[EventDate "2021.11.21"]
[WhiteTeam "Crowthorne B"]
[BlackTeam "Surbiton"]

1. e4 c5 2. d4 cxd4 3. c3 d5 4. Nf3 dxe4 5. Nxd4 e5 6. Qa4+ Bd7 7. Nb5 a6 8.
Nd2 Bc6 9. Nxe4 Qd7 10. Qa5 b6 11. Qxb6 axb5 12. Be3 Qb7 13. Qxb7 Bxb7 14.
Bxb5+ Bc6 15. Bxc6+ Nxc6 16. O-O Nf6 17. Nxf6+ gxf6 18. a4 Kd7 19. b4 Be7 20.
Rfb1 Rhb8 21. b5 Na5 22. b6 Nc4 23. Rb5 Kc6 24. Kf1 Nxe3+ 25. fxe3 Rxb6 26. c4
Rab8 27. Ke2 Rxb5 28. cxb5+ Kc5 29. Kd3 Rb7 30. Kc3 e4 31. Kb3 Rd7 32. Rc1+ Kb6
33. Rc6+ Kb7 34. a5 Rc7 35. a6+ 1-0

[Event "4NCL Division 3 South"]
[Site "Milton Keynes, ENG"]
[Date "2021.11.21"]
[Round "2.102"]
[White "Finn, Thomas"]
[Black "Cranston, Adam"]
[Result "1-0"]
[WhiteElo "1915"]
[BlackElo "1791"]
[PlyCount "69"]
[EventDate "2021.11.21"]
[WhiteTeam "Sussex Martlets 3"]
[BlackTeam "Celtic Tigers 3"]

1. e4 c6 2. Nc3 d5 3. Nf3 Bg4 4. h3 Bxf3 5. Qxf3 Nf6 6. e5 Nfd7 7. d4 e6 8. Bf4
a6 9. Bd3 c5 10. dxc5 Nc6 11. Qg3 Nxc5 12. O-O Nd4 13. Rad1 Nxd3 14. Qxd3 Nf5
15. Ne2 Rc8 16. c3 Bc5 17. Kh1 O-O 18. Ng3 Ne7 19. Be3 Ng6 20. f4 Qb6 21. Bxc5
Rxc5 22. Rd2 Qc7 23. Qe3 b5 24. Ne2 Rc4 25. Nd4 b4 26. cxb4 Rxb4 27. g4 Rc4 28.
Re2 Rc8 29. f5 Rc1 30. Ree1 Rxe1 31. Rxe1 exf5 32. gxf5 Ne7 33. f6 gxf6 34.
exf6 Ng6 35. Qh6 1-0

[Event "4NCL Division 3 South"]
[Site "Milton Keynes, ENG"]
[Date "2021.11.21"]
[Round "2.103"]
[White "Hoong, Jonathan"]
[Black "Hedger, Alec"]
[Result "0-1"]
[WhiteElo "1701"]
[BlackElo "1915"]
[PlyCount "80"]
[EventDate "2021.11.21"]
[WhiteTeam "Celtic Tigers 3"]
[BlackTeam "Sussex Martlets 3"]

1. e4 c5 2. Nf3 e6 3. d4 cxd4 4. Nxd4 Nf6 5. Nc3 Bb4 6. e5 Nd5 7. Qg4 O-O 8.
Bh6 g6 9. Bxf8 Qxf8 10. Qg3 Qc5 11. Nde2 Nc6 12. a3 Ba5 13. O-O-O Nxc3 14. Nxc3
Qxe5 15. Qxe5 Nxe5 16. Be2 d5 17. f4 Nd7 18. h4 Bc7 19. Rdf1 a6 20. h5 Nf6 21.
hxg6 hxg6 22. g4 d4 23. Na4 Ne4 24. Rh3 b5 25. Bd3 bxa4 26. Bxe4 Rb8 27. Rd3 e5
28. fxe5 Bxe5 29. Bd5 Be6 30. Bxe6 fxe6 31. b3 axb3 32. Rxb3 Rc8 33. Rb6 d3 34.
Rf2 Bd4 35. Rd6 Bxf2 36. Rxd3 Rc6 37. Kd1 Rc4 38. Rf3 Bh4 39. Re3 Kf7 40. Rf3+
Ke7 0-1